000 00486nam a2200169Ia 4500
005 20250508152920.0
008 008 250505s9999 xx 000 0 eng d
037 _aBooks to be hide in OPAC
040 _aFEDL
_beng
_cFEDL
041 _aeng
_2eng
084 _a620.3, ENC/O
_qFEDL
245 0 _aEncyclopaedia of workshop practice
260 _aBombay, India
_bAsia Publishing House
_c1960
300 _a767p.
942 _cHB
_h620.3, ENC/O
999 _c1339592
_d1339592